000 00472nam a2200157Ia 4500
003 GCL
008 140319s9999 xx 000 0 ara d
040 _aGCL /
_cGCL
082 0 4 _a219.3
_bم ت
100 1 _aمنير محمد طاهر الشواف
245 1 0 _aتهافت الدراسات المعاصرة فى الدولة والمجتمع /
_cمنير محمد طاهر الشواف
300 _a223 ص
490 _a
650 0 4 _aالاسلام
942 _2ddc
_cBK
999 _c38711
_d38711